| 000 | 00476nam a22001697a 4500 | ||
|---|---|---|---|
| 003 | MPLRDC | ||
| 005 | 20220104174404.0 | ||
| 008 | 210129b ||||| |||| 00| 0 eng d | ||
| 020 | _a1-56293-336-1 | ||
| 082 | _a859.6 NAYE-4 | ||
| 100 | _aWRITTEN BY JUDY NAYER; ILLUSTRATED BY GRACE GOLDBERG | ||
| 245 |
_aDINOSAURS AT YOUR FINGERTIPS _c |
||
| 260 |
_a _bMCCLANAHAN BOOK COMPANY, INC. _c1993 |
||
| 300 | _b精 | ||
| 650 | _aCHILDREN LITERATURE | ||
| 942 |
_cBK _o859.6 NAYE-4 |
||
| 999 |
_c59845 _d59835 |
||